|
|
|
|
| LEADER |
00000cam a2200000 7i4500 |
| 001 |
0000077341 |
| 005 |
20171226.0 |
| 008 |
171226 |
| 020 |
|
|
|a 9830410757
|
| 090 |
0 |
0 |
|a JAW
|
| 245 |
0 |
0 |
|a Jangan menghina
|c Disusun oleh Norman Haikal
|
| 260 |
|
|
|a Kuala lumpur :
|b Penerbitan fargoes sdn.bhd. ,
|c 1996
|
| 490 |
1 |
|
|a Siri pekerti murni
|
| 999 |
|
|
|a 0000455881
|b Book
|c Children Collection
|e Cawangan Pontian
|
| 999 |
|
|
|a 0000764503
|b Book
|c Children Collection
|e Cawangan Bandar Penawar
|
| 999 |
|
|
|a 0000764507
|b Book
|c Children Collection
|e Cawangan Bandar Penawar
|
| 999 |
|
|
|a 0000787841
|b Book
|c Children Collection
|e Cawangan Segamat
|
| 999 |
|
|
|a 0000787842
|b Book
|c Children Collection
|e Cawangan Segamat
|
| 999 |
|
|
|a 0000787843
|b Book
|c Children Collection
|e Cawangan Segamat
|